General Knowledge #2 - Statistics

General Stats
  • This quiz has been taken 53 times
  • The average score is 10 of 15
Answer Stats
Question Answer % Correct
The cities Perth and Melbourne are in which country? Australia
95%
Name a U.S. president whose last name starts with the letter L Abraham Lincoln
91%
What is the largest organ on the human body? Skin
84%
How many edges does a cube have? 12
79%
3 + 3(6 + 1) = 24
74%
What is the largest animal in the world? Blue whale
74%
Which planet comes after Mars? Jupiter
72%
What is a group of crows called? A Murder
67%
Who was the second president of the U.S.? John Adams
63%
What US state is above Oklahoma? Kansas
63%
What do snakes use to smell? Tongue
60%
Name a country in Asia that starts with the letter E East Timor
47%
What is the state capital of Michigan? Lansing
42%
What muscle brings your ankle to your butt? Hamstring
37%
What is a female elephant called? A Cow
33%
No matching quizzes found
Score Distribution
Percent of People with Each Score
Percentile by Number Answered
Your Score History
You have not taken this quiz